Spider-Man Villains - Sudden Death - Statistics

General Stats
  • This quiz has been taken 1,576 times
  • The average score is 11 of 16
Answers on the Grid
Answers color-coded by a green-red scale on the quiz's grid according to % correct below.
Green Goblin
Venom
Deathstroke
Brainiac
Rhino
Mister Mind
Carnage
Bane
Lizard
Captain Boomerang
Black Manta
Shocker
Chameleon
Sandman
Mirror Master
Mysterio
Tombstone
Gorilla Grodd
Vulture
Clayface
Mr. Negative
Thanos
Red Skull
Kraven the Hunter
Loki
Dr. Ocotopus
Darkseid
Ultron
Electro
Scorpion
Magneto
Lex Luthor
 
Answer Stats
Answer % Correct
Green Goblin
97%
Venom
91%
Rhino
82%
Lizard
76%
Sandman
73%
Mysterio
72%
Dr. Ocotopus
70%
Vulture
67%
Carnage
65%
Electro
65%
Scorpion
55%
Shocker
55%
Kraven the Hunter
54%
Chameleon
49%
Mr. Negative
48%
Tombstone
47%
No matching quizzes found
Score Distribution
Percent of People with Each Score
Percentile by Number Answered
Your Score History
You have not taken this quiz